000 00977nam a2200253 i 4500
001 45343
003 ES-MaACL
005 20250603183147.0
007 t|
008 030325s1981 sp ||||1| spa d
020 _a84-7479-096-4
111 2 _aColoquio Hispano-Francés sobre las Áreas de Montaña (
_d1980.
_cMadrid)
_9172209
245 1 0 _aSupervivencia de la montaña
_b: actas del Coloquio Hispano-Francés sobre las Áreas de Montaña.
260 _a[Madrid :
_bMinisterio de Agricultura, Servicio de Publicaciones Agrarias,
_c1981]
300 _a766 p. :
_bil. ;
_c24 cm.
546 _aTexto en español y francés.
650 4 _aEcología de montañas.
_9163001
650 4 _aMontañas.
_9149791
651 7 _aEspaña-
_xPolítica forestal
_2
_9151007
651 4 _aFrancia-
_xPolítica forestal.
_9149413
710 1 _aEspaña.
_bMinisterio de Agricultura.
_bServicio de Publicaciones Agrarias.
_9172211
852 _aES-MaACL
_jL-1455
999 _c45343
_d45343